UM Logo
Normal view MARC view
  • Simonton, Kelly.

Entry Personal Name

Number of records used in: 2

001 - CONTROL NUMBER

  • control field: 66958

003 - CONTROL NUMBER IDENTIFIER

  • control field: OSt

005 - DATE AND TIME OF LATEST TRANSACTION

  • control field: 20250820134056.0

008 - FIXED-LENGTH DATA ELEMENTS

  • fixed length control field: 250820|| aca||aabn | a|a d

040 ## - CATALOGING SOURCE

  • Original cataloging agency: OSt

100 ## - HEADING--PERSONAL NAME

  • Personal name: Simonton, Kelly.
  • Relator term: author.